Co-operation (Record no. 496991)

000 -LEADER
fixed length control field 00288cam a22001097a 4500
008 - FIXED-LENGTH DATA ELEMENTS--GENERAL INFORMATION
fixed length control field 180718b1967 xxu||||| |||| 00| 0 eng d
082 ## - DEWEY DECIMAL CLASSIFICATION NUMBER
Classification number T16x5442 M278
100 ## - MAIN ENTRY--PERSONAL NAME
Personal name Pandit, N.S.
245 ## - TITLE STATEMENT
Title Co-operation
Statement of responsibility, etc. by N.S. Pandit
260 ## - PUBLICATION, DISTRIBUTION, ETC.
Place of publication, distribution, etc. Bombay
Name of publisher, distributor, etc. Government Central Press
Date of publication, distribution, etc. 1967
300 ## - PHYSICAL DESCRIPTION
Extent 35p
Holdings
Withdrawn status Lost status Damaged status Not for loan Permanent Location Current Location Date acquired Full call number Barcode Date last seen Price effective from Koha item type
        Indian Institute of Public Administration Indian Institute of Public Administration 2018-08-04 T16x5442 M278 GG8915 2018-08-04 2018-08-04 GG

Powered by Koha